000 00930nam a2200217Ii 4500
003 JO-AjNU
008 230605s9999||||xx |||||||||||||| ||und||
017 _a1989/2/125
040 _aJO-AjNU
_bara
_erda
_cJO-AjNU
041 _aara
050 1 4 _aHQ772 . S3212 2001
100 3 _aتأليف: شيفر، شارلز / م.مشارك: هوارد ميلمان ؛ ترجمة: نسيمة داود، نزية حمدي,
_eauthor
_927365
245 0 0 _aمشكلات الاطفال والمراهقين واساليب المساعدة فيها = How to help children with common problems
250 _aط2
264 3 1 _aعمان: الجامعة الاردنية، 2001
300 _a621ص
_bيحتوي ببلوغرافية وكشاف من ص 605-621ص
336 _atext
_btxt
_2rdacontent
337 _aunmediated
_bn
_2rdamedia
338 _avolume
_bnc
_2rdacarrier
650 4 _aالاطفال - احوال اجتماعية
_927366
999 _aA10486
_c14054
_d14054